Tarock - Statistiken

Allgemein
  • Dieses Quiz wurde 19 mal gespielt
    10 seit der letzten Aktualisierung
  • Das Durchschnittsergebnis liegt bei 5 aus 6
Antwortstatistiken
Zahl Name % Korrekt
I Pagat
100%
XXI Mond
86%
XXII Sküs
86%
II Uhu
86%
III Kakadu
71%
IIII Marabu
71%
Keine übereinstimmenden Quizze gefunden
Verteilung der Resultate
Anzahl Personen mit jedem Resultat
Perzentil nach korrekt beantworteten Fragen
Ihre Resultats-Entwicklung
Sie haben dieses Quiz seit der letzten Aktualisierung nicht gespielt